| 000 | 00543nam a2200205Ia 4500 | ||
|---|---|---|---|
| 005 | 20250508153248.0 | ||
| 008 | 008 250505s9999 xx 000 0 eng d | ||
| 037 | _aTextual | ||
| 040 |
_aFEDL _beng _cFEDL |
||
| 041 |
_aeng _2eng |
||
| 084 |
_a150.4, FAR _qFEDL |
||
| 100 |
_aFarberow Norman L. Ed. _9320768 |
||
| 245 | 0 | _aTaboo topics | |
| 260 |
_aNew York, USA _bAtherton Press _c1963 |
||
| 300 | _axvi,140p. | ||
| 365 |
_aINR _b23.63 |
||
| 650 | _aPsychology | ||
| 942 |
_cTEXL _h150.4, FAR |
||
| 999 |
_c1341600 _d1341600 |
||